|
|
|
|
| LEADER |
00000nab#a22000007a#4500 |
| 001 |
arbauad027961 |
| 003 |
AR-BaUAD |
| 005 |
20250711112302.0 |
| 008 |
970813|||||||||###||||||b###|0###a|spa|| |
| 040 |
|
|
|a AR-BaUAD
|c AR-BaUAD
|b spa
|
| 245 |
1 |
0 |
|a Studio watch
|
| 500 |
|
|
|a Artículo sobre las últimas actividades de algunos de los estudios de animación más importantes.
|
| 653 |
|
|
|a ANIMACION
|
| 653 |
|
|
|a ESTUDIOS PROFESIONALES
|
| 653 |
|
|
|a AARDVARK
|
| 653 |
|
|
|a BOHBOT ENTERTAINMENT INC.
|
| 653 |
|
|
|a BUENA VISTA TELEVISION
|
| 653 |
|
|
|a CHILDREN'S TELEVISION WORKSHOP
|
| 653 |
|
|
|a CIRCLE COMMUNICATIONS
|
| 653 |
|
|
|a COSGROVE HALL
|
| 653 |
|
|
|a DNA
|
| 653 |
|
|
|a D'OCON FILMS
|
| 653 |
|
|
|a FILM ROMAN
|
| 653 |
|
|
|a FLAMDOODLE ANIMATION INC
|
| 653 |
|
|
|a GOODTIMES ENTERTAINMENT
|
| 653 |
|
|
|a HUMONGOUS ENTERTAINMENT
|
| 653 |
|
|
|a SUNBOW ENTERTAINMENT
|
| 653 |
|
|
|a UNIVERSAL CARTOONS
|
| 773 |
0 |
|
|t ANIMATION MAGAZINE
|g no. 56 [jun. 1997], p. 8
|
| 942 |
|
|
|c ARTI
|
| 952 |
|
|
|0 0
|1 0
|4 0
|7 0
|9 72880
|a AR-BAuAD
|b AR-BAuAD
|d 2025-07-11
|l 0
|p AAQA027961
|r 2025-07-11 11:23:02
|w 2025-07-11
|y ARTI
|
| 990 |
|
|
|a C199
|b TD
|
| 998 |
|
|
|a AAQ
|b BIBUN76
|
| 999 |
|
|
|c 52553
|d 52553
|